000 00606nam a22002177a 4500
003 ITZ
005 20231018184115.0
008 231018b |||||||| |||| 00| 0 spa d
020 _a968-853-320-3
035 _a17554
041 _aspa
050 _aLB1049
_bS46 1996
082 _a378.17
_bS481c 1996
100 1 _aSerafini, Maria Teresa
245 _aComo se estudia:
_bLa organizacion del trabajo intelectual
_cMaria Teresa Serafini
250 _a1
260 _aMéxico
_bPaidos
_c1996
300 _a328 p., il. /
_c20cm.
650 _a1. METODOS DE ESTUDIO / 2. ENSEÑANZA PROGRAMADA
942 _cBK
999 _c29170
_d29170